[Event "SUI-chT"]
[Site "SUI"]
[Date "1996.??.??"]
[Round "1"]
[White "Kelecevic, Nedeljko"]
[Black "Gerber, Richard"]
[Result "1/2-1/2"]
[WhiteElo "2475"]
[BlackElo "2395"]

1.d4 Nf6 2.c4 e6 3.Nc3 Bb4 4.Qc2 O-O 5.a3 Bxc3+ 6.Qxc3 b6 7.Bg5 Bb7 8.e3 c5
9.dxc5 bxc5 10.f3 Nc6 11.O-O-O Ne4 12.fxe4 Qxg5 13.Rxd7 Rab8 14.Nf3 Qg4 15.e5 Rfd8
16.Qd2 Rxd7 17.Qxd7 Na5 18.Qc7 Rc8 19.Qxa5 Bxf3 20.Qe1 Be4 21.Qg3 Qh5 22.Qf4 Rd8
23.Be2 Qxe2 24.Qxe4 h6 25.Kb1 Rb8 26.Qc2 Qxe3 27.Rd1 Qxe5 28.Rd7 Qxh2 29.Qf2 Qh5
30.Ka2 a5 31.Ra7 Qg4 32.Qxf7+ Kh7 33.Qf1 Qg3 34.Qb1+ Kh8 35.Qc2 Qe5 36.Rxa5 Qd4
37.Rb5 Re8 38.Rb3 e5 39.Rd3 Qg4 40.g3 e4 41.Re3 Qe6 42.Kb1 Qe5  1/2-1/2

[Event "SUI-chT"]
[Site "SUI"]
[Date "1996.??.??"]
[Round "8"]
[White "Mohr, Stefan"]
[Black "Hort, Vlastimil"]
[Result "0-1"]
[WhiteElo "2420"]
[BlackElo "2545"]

1.d4 Nf6 2.c4 e6 3.Nc3 Bb4 4.Qc2 O-O 5.a3 Bxc3+ 6.Qxc3 b6 7.Bg5 h6 8.Bh4 Ba6
9.e3 d6 10.Bd3 Nbd7 11.Nf3 c5 12.b4 cxd4 13.exd4 Rc8 14.Qb3 Qc7 15.Nd2 Nh5
16.Bg3 Nxg3 17.hxg3 d5 18.cxd5 Bxd3 19.Qxd3 exd5 20.O-O Qc2 21.Qb5 Nf6 22.Nf3 Qc4
23.Qa4 Rc7 24.Qd1 Ne4 25.Ne5 Qb5 26.Qh5 Rfc8 27.Rfe1 Nf6 28.Qf5 Qa4 29.Ng4 Nxg4
30.Qxg4 Qd7 31.Qxd7 Rxd7 32.Re3 Rc4 33.Rd1 f6 34.g4 Kf7 35.f3 Rc2 36.Kh2 Rdc7
37.f4 Rf2  0-1

[Event "SVK-chT9596"]
[Site "?"]
[Date "1996.??.??"]
[Round "7"]
[White "Oral, Tomas"]
[Black "Stohl, Igor"]
[Result "0-1"]
[WhiteElo "2460"]
[BlackElo "2515"]

1.d4 Nf6 2.c4 e6 3.Nc3 Bb4 4.Qc2 O-O 5.Nf3 c5 6.dxc5 Na6 7.g3 Nxc5 8.Bg2 Nce4
9.Bd2 Nxd2 10.Nxd2 Qc7 11.O-O a6 12.Rac1 Rb8 13.a3 Be7 14.b4 b6 15.Qb3 Bb7
16.Bxb7 Qxb7 17.Na4 Rfc8 18.Rc2 Rc7 19.Rfc1 d6 20.Nf3 Ne4 21.Qd3 h6 22.b5 axb5
23.cxb5 Rxc2 24.Rxc2 d5 25.Rc6 Qa7 26.Qc2 Bxa3 27.Rc8+ Bf8 28.Rxb8 Qxb8 29.Qc6 Bc5
30.e3 g5 31.Nd4 Bxd4 32.exd4 Nd2 33.Qxb6 Qxb6 34.Nxb6 Nf3+ 35.Kg2 Nxd4  0-1

[Event "SWE-chT 9596"]
[Site "?"]
[Date "1996.??.??"]
[Round "?"]
[White "Akesson, Ralf"]
[Black "Wedberg, Tom"]
[Result "1-0"]
[WhiteElo "2505"]
[BlackElo "2480"]

1.d4 Nf6 2.c4 e6 3.Nc3 Bb4 4.Qc2 O-O 5.a3 Bxc3+ 6.Qxc3 b6 7.Bg5 Bb7 8.f3 h6
9.Bh4 d5 10.e3 Nbd7 11.cxd5 Nxd5 12.Bxd8 Nxc3 13.Bh4 Nd5 14.Bf2 f5 15.Bb5 c6
16.Ba4 e5 17.Ne2 Rae8 18.Kd2 b5 19.Bb3 c5 20.dxc5 Nxc5 21.Ba2 Na4 22.Rhc1 Kh8
23.Rc2 g5 24.Rd1 g4 25.Ke1 Nab6 26.fxg4 fxg4 27.Rc5 Rxf2 28.Kxf2 Rf8+ 29.Kg1 Nxe3
30.Rdc1 Nxg2 31.Rxe5 Nh4 32.Nd4 Rd8 33.Rc7 Bd5 34.Bxd5 Nxd5 35.Rc6 Nf4 36.Rxh6+ Kg7
37.Rxh4 Rxd4 38.Rg5+ Kf6 39.Rgxg4 Rd1+ 40.Kf2 Ne6 41.Re4 Kf5 42.Re1 Rd2+
43.Re2 Rd3 44.Rh5+ Kg4 45.Rxb5 Nf4 46.Re4 Rd2+ 47.Ke1 Rxh2 48.Rbb4 Rh1+ 49.Kf2 Rh2+
50.Kg1  1-0

[Event "SWE-chT 9596"]
[Site "?"]
[Date "1996.??.??"]
[Round "?"]
[White "Faldt, Magnus"]
[Black "Sjoberg, Mats"]
[Result "0-1"]
[WhiteElo "2230"]
[BlackElo "2445"]

1.d4 Nf6 2.c4 e6 3.Nc3 Bb4 4.Qc2 O-O 5.a3 Bxc3+ 6.Qxc3 Qe8 7.g3 d6 8.Bg2 e5
9.dxe5 dxe5 10.Nf3 Nc6 11.O-O a5 12.b3 Ne4 13.Qe3 Nd6 14.Bb2 f6 15.c5 Nf5
16.Qe4 Qf7 17.b4 Qb3 18.Rfb1 Nfe7 19.Nd2 Qf7 20.b5 Bf5 21.Qa4 Nd8 22.Rc1 Be6
23.Nc4 Bd5 24.e4 Be6 25.Qc2 a4 26.Bf1 Qg6 27.Re1 Nf7 28.f3 h5 29.Qg2 Ng5
30.h4 Bh3 31.Qf2 Bxf1 32.Qxf1 Ne6 33.Kh2 Nxc5 34.Rad1 Rfd8 35.Bc3 Qf7 36.Bb4 Nb3
37.b6 c5 38.Bc3 Nd4 39.Kg2 Nc2 40.Nd6 Nxe1+ 41.Qxe1 Qb3 42.Rd3 Nc8 43.Qd2 Rxd6  0-1

[Event "Tel Aviv Cup rapid"]
[Site "Tel Aviv"]
[Date "1996.??.??"]
[Round "3"]
[White "Lev, Ronen"]
[Black "Greenfeld, Alon"]
[Result "0-1"]
[WhiteElo "2465"]
[BlackElo "2560"]

1.d4 Nf6 2.c4 e6 3.Nc3 Bb4 4.Qc2 O-O 5.a3 Bxc3+ 6.Qxc3 Ne4 7.Qc2 f5 8.e3 b6
9.Ne2 Bb7 10.Ng3 Qh4 11.Nxe4 Bxe4 12.Qd2 Rf6 13.h3 Rg6 14.Rg1 Nc6 15.b4 Re8
16.Bb2 Bf3 17.Bc3 e5 18.dxe5 Nxe5 19.Qd4 f4 20.c5 Kh8 21.g3 Qh6 22.Kd2 fxe3+
23.fxe3 Bh5 24.Qxe5 Rxe5 25.Bxe5 Re6 26.Bd4 Re4 27.Kc2 bxc5 28.bxc5 Rxe3
29.Bxe3 Qxe3 30.Bd3 Qxc5+ 31.Kd2 Bg6 32.Bxg6 hxg6 33.h4 d5 34.Rgf1 Qd4+ 35.Ke2 c5  0-1

[Event "Tel Aviv Cup rapid"]
[Site "Tel Aviv"]
[Date "1996.??.??"]
[Round "3"]
[White "Alterman, Boris"]
[Black "Har Zvi, Ronen"]
[Result "1/2-1/2"]
[WhiteElo "2585"]
[BlackElo "2510"]

1.d4 Nf6 2.c4 e6 3.Nc3 Bb4 4.Qc2 O-O 5.a3 Bxc3+ 6.Qxc3 b6 7.Bg5 Ba6 8.Nf3 d6
9.e3 Nbd7 10.b4 c5 11.dxc5 bxc5 12.Bd3 Qc7 13.O-O Bb7 14.Nd2 d5 15.Bf4 e5
16.Bg3 d4 17.exd4 exd4 18.Qc2 Qc6 19.f3 a5 20.b5 Qb6 21.Rfe1 Rfe8 22.Rad1 h6
23.Bf5 Nf8 24.Rxe8 Rxe8 25.Re1 Qd8  1/2-1/2

[Event "Czerniak mem"]
[Site "Tel Aviv"]
[Date "1996.??.??"]
[Round "8"]
[White "Kanstler, Boris"]
[Black "Kaspi, Alexander"]
[Result "1-0"]
[WhiteElo "2475"]
[BlackElo "2475"]

1.d4 Nf6 2.c4 e6 3.Nc3 Bb4 4.Qc2 O-O 5.a3 Bxc3+ 6.Qxc3 b6 7.Bg5 Bb7 8.Nh3 d6
9.f3 c5 10.dxc5 bxc5 11.Rd1 a5 12.Bxf6 gxf6 13.Nf4 Ra6 14.b3 Nd7 15.e3 f5
16.Be2 Qh4+ 17.g3 Qe7 18.O-O f6 19.Rd2 Rb6 20.Rb1 Rb8 21.Kf2 Kf7 22.Rbd1 Ra8
23.Rb1 Raa6 24.Rdb2 Qd8 25.Qc2 Nf8 26.h4 Ba8 27.h5 Ra7 28.Bd3 Bc6 29.Be2 Rab7
30.Qd2 Qb8 31.Qxa5 Ra7 32.Qd2 Rxa3 33.b4 cxb4 34.Rxb4 Rxb4 35.Rxb4 Qa7 36.Qd4 Nd7
37.Nd3 Nc5 38.Qxd6 Nxd3+ 39.Bxd3 Ra2+ 40.Be2 Qe7 41.Qxe7+ Kxe7 42.Rb8 h6
43.Rh8 Kf7 44.Rh7+ Kf8 45.Rh8+ Kf7 46.Rd8 Ke7 47.Rc8 Be8 48.Rc7+ Kd6 49.Rc8 Bxh5
50.Rh8 Bf7 51.Rxh6 e5 52.Rxf6+  1-0

[Event "CRO-chT2"]
[Site "Tucepi"]
[Date "1996.??.??"]
[Round "?"]
[White "Jelen, Igor"]
[Black "Vukelic, Tomislav"]
[Result "1-0"]
[WhiteElo "2400"]
[BlackElo "2310"]

1.d4 Nf6 2.c4 e6 3.Nc3 Bb4 4.Qc2 O-O 5.a3 Bxc3+ 6.Qxc3 b6 7.Bg5 Bb7 8.f3 h6
9.Bh4 d5 10.e3 Re8 11.Bd3 Nbd7 12.cxd5 e5 13.dxe5 Rxe5 14.Bxf6 Rxe3+ 15.Ne2 Qxf6
16.Bh7+ Kxh7 17.Qxe3 Qxb2 18.O-O Ba6 19.Rfe1 Nf6 20.Qc3 Qb5 21.Qxc7 Qxd5
22.Rad1 Qa2 23.Nd4 Kg8 24.Nc6 Qxa3 25.Nxa7 Bd3 26.Nc8 Bg6 27.Nxb6 Ra5 28.Nc4 Qc5+
29.Qxc5 Rxc5 30.Ne5 Kh7 31.Rd2 Rc7 32.g4 Re7 33.Kf2 Rc7 34.h4 Ra7 35.h5 Nxh5
36.gxh5 Bxh5 37.Rh1  1-0

[Event "Tuebingen-ch55"]
[Site "Tuebingen"]
[Date "1996.??.??"]
[Round "?"]
[White "Muysers, Hendrik"]
[Black "Newen, Rosi"]
[Result "1/2-1/2"]
[WhiteElo "1865"]
[BlackElo "1630"]

1.d4 Nf6 2.c4 e6 3.Nc3 Bb4 4.Qc2 O-O 5.a3 Bxc3+ 6.Qxc3 b6 7.Bg5 Bb7 8.f3 d6
9.Nh3 Nbd7 10.e3 c5 11.Bd3 h6 12.Bh4 Rc8 13.O-O cxd4 14.Qxd4 Qc7 15.b4 d5
16.Rac1 Qc6 17.Bxf6 Nxf6 18.c5 bxc5 19.Rxc5 Qb6 20.Rfc1 Nd7 21.Rxc8 Rxc8
22.Rxc8+ Bxc8 23.Nf4 Bb7 24.Ne2 Kf8 25.Kf2 e5 26.Qxb6 Nxb6 27.Nc3 Ke7 28.Nb5  1/2-1/2

[Event "CZE-ch"]
[Site "Turnov"]
[Date "1996.??.??"]
[Round "3"]
[White "Bazant, Petr Sr"]
[Black "Oral, Tomas"]
[Result "0-1"]
[WhiteElo "2295"]
[BlackElo "2460"]

1.d4 Nf6 2.c4 e6 3.Nc3 Bb4 4.Qc2 O-O 5.a3 Bxc3+ 6.Qxc3 Ne4 7.Qd3 f5 8.g3 b6
9.Bg2 Bb7 10.Nf3 Nf6 11.O-O Be4 12.Qc3 Qe8 13.b4 d6 14.Rd1 Nbd7 15.a4 a5
16.b5 Qh5 17.Bf1 Rae8 18.Ng5 Bb7 19.f3 e5 20.d5 Nc5 21.Nh3 Bc8 22.Nf2 f4
23.g4 Qh4 24.Bg2 h5 25.h3 hxg4 26.fxg4 Qxf2+ 27.Kxf2 Nfe4+ 28.Bxe4 Nxe4+
29.Kf1 Nxc3 30.Rd3 Ne4  0-1

[Event "CZE-ch"]
[Site "Turnov"]
[Date "1996.??.??"]
[Round "7"]
[White "Pribyl, Martin"]
[Black "Stocek, Jiri"]
[Result "0-1"]
[WhiteElo "2325"]
[BlackElo "2465"]

1.d4 Nf6 2.c4 e6 3.Nc3 Bb4 4.Qc2 O-O 5.a3 Bxc3+ 6.Qxc3 Ne4 7.Qc2 f5 8.Nf3 b6
9.g3 Bb7 10.Bg2 Nf6 11.O-O Be4 12.Qc3 Qe8 13.Bg5 d6 14.Bxf6 Rxf6 15.c5 Nc6
16.cxd6 cxd6 17.Rac1 Rc8 18.Nh4 Rf8 19.f3 Ne7 20.Qb4 Bc6 21.Qxd6 g5 22.Qxe6+ Qf7
23.Qxf7+ Kxf7 24.Nxf5 Nxf5 25.Bh3 Nxd4 26.Bxc8 Nxe2+ 27.Kg2 Rxc8 28.Rce1 Nd4
29.g4 Nc2 30.Re5 Kf6 31.Rf5+ Kg6 32.Kf2 Rd8 33.Re5 Rd2+ 34.Kg3 Nd4 35.Rf2 Rd3
36.h4 gxh4+ 37.Kf4 Bxf3 38.Re7 Kf6 39.Re8 Ne6+ 40.Rxe6+ Kxe6 41.Rxf3 Rxf3+
42.Kxf3 Ke5 43.Kg2 Kf4 44.Kh3 Kg5 45.b3 b5 46.a4 b4 47.a5 a6  0-1

[Event "Ubeda op"]
[Site "Ubeda"]
[Date "1996.??.??"]
[Round "?"]
[White "Drasko, Milan"]
[Black "Kolev, Atanas"]
[Result "1/2-1/2"]
[WhiteElo "2505"]
[BlackElo "2510"]

1.d4 Nf6 2.c4 e6 3.Nc3 Bb4 4.Qc2 O-O 5.a3 Bxc3+ 6.Qxc3 b6 7.Bg5 Bb7 8.e3 d6
9.f3 Nbd7 10.Nh3 c5 11.dxc5 bxc5 12.Be2 a5 13.O-O h6 14.Bh4 Qb6 15.Rfd1 d5
16.Rd2 Rfe8 17.Rad1 Rac8 18.Bf2 Qa7 19.Nf4 Bc6 20.Bd3 Qc7 21.cxd5 exd5 22.Ne2 Qb6
23.Bf5 Ba4 24.Re1 g6 25.Bxd7 Bxd7 26.Nf4 Qd6 27.Nxd5 Nxd5 28.e4 Nxc3 29.Rxd6 Nxe4
30.Rxd7 Nxf2 31.Kxf2 Rxe1 32.Kxe1 Rb8 33.Rd2 Kg7 34.Kd1 Rb3 35.Rc2 Kf6 36.Kc1 Rb5
37.Re2 c4 38.Kc2 Re5  1/2-1/2

[Event "CZE-ch U20"]
[Site "Usti nad Labem"]
[Date "1996.??.??"]
[Round "9"]
[White "Oral, Tomas"]
[Black "Kacirek, Petr"]
[Result "1-0"]
[WhiteElo "2460"]
[BlackElo "2275"]

1.d4 e6 2.c4 Nf6 3.Nc3 Bb4 4.Qc2 O-O 5.Nf3 b6 6.a3 Bxc3+ 7.Qxc3 c5 8.Bg5 Bb7
9.e3 d6 10.Bd3 Nbd7 11.O-O Qc7 12.Nd2 cxd4 13.exd4 d5 14.Bxf6 Nxf6 15.c5 bxc5
16.Qxc5 Qf4 17.Nf3 Ne4 18.Qe7 Rab8 19.Rac1 Rbc8 20.Rxc8 Bxc8 21.b4 a6 22.h3 g6
23.Rd1 f6 24.Bxa6 Rf7 25.Qe8+ Rf8 26.Qc6 Qd6 27.Qxd6 Nxd6 28.Bxc8 Rxc8 29.a4 Ra8
30.a5 Nc4 31.Nd2 Rb8 32.Nxc4 dxc4 33.a6 c3 34.Rc1 Rb6 35.Ra1 Rb8 36.a7 Ra8
37.b5  1-0

[Event "Villa Gesell"]
[Site "Villa Gesell"]
[Date "1996.??.??"]
[Round "9"]
[White "Sorokin, Maxim"]
[Black "Milos, Gilberto"]
[Result "1/2-1/2"]
[WhiteElo "2560"]
[BlackElo "2565"]

1.d4 Nf6 2.c4 e6 3.Nc3 Bb4 4.Qc2 O-O 5.a3 Bxc3+ 6.Qxc3 Ne4 7.Qc2 f5 8.Nh3 b6
9.f3 Nd6 10.Bg5 Qe8 11.e3 c5 12.dxc5 bxc5 13.b4 Nf7 14.Bh4 a5 15.b5 d6 16.Be2 Nd7
17.Rd1 Bb7 18.O-O Nb6 19.Ng5 Nxg5 20.Bxg5 Nc8 21.f4 h6 22.Bh4 e5 23.Bd3 exf4
24.exf4 Qh5 25.Be1 Nb6 26.Bc3 Qf7 27.Rfe1 d5 28.cxd5 Bxd5 29.Qf2 Bb3 30.Rd2 Nd5
31.Be5 c4 32.Bxf5 c3 33.Rxd5 Bxd5 34.Bb1 Rac8 35.Re3 Qa7 36.Bxc3 Rf7 37.Bg6 Re7
38.b6 Qb7 39.Rg3 Rc6 40.h4 Qxb6 41.Qxb6 Rxb6 42.Bxa5 Rb3 43.Rxb3 Bxb3  1/2-1/2

[Event "LTU-ch"]
[Site "Vilnius"]
[Date "1996.??.??"]
[Round "2"]
[White "Linauskas, Dainius"]
[Black "Lasinskas, Povilas"]
[Result "1-0"]
[WhiteElo "2310"]
[BlackElo "2150"]

1.d4 Nf6 2.c4 e6 3.Nc3 Bb4 4.Qc2 O-O 5.a3 Bxc3+ 6.Qxc3 b6 7.Bg5 Bb7 8.e3 d6
9.f3 Nbd7 10.Bd3 Qe7 11.Ne2 Rfe8 12.O-O d5 13.Rac1 c5 14.Rfd1 h6 15.Bh4 Rac8
16.Qd2 Qf8 17.cxd5 exd5 18.Bf5 Rc6 19.dxc5 Rxc5 20.Nc3 d4 21.Bxd7 dxc3 22.Rxc3 Rd5
23.Rd3 Nxd7 24.Rxd5 Bxd5 25.Qxd5 Nc5 26.b4 Ne6 27.Qb7 g5 28.Bg3 Rd8 29.Rxd8 Qxd8
30.Qb8 Qxb8 31.Bxb8 a6 32.Kf2 Kg7 33.Ke2 b5 34.Kd3 f5 35.g4 Kf6 36.Bg3 f4
37.exf4 gxf4 38.Be1 Ke5 39.Bc3+ Kd5 40.h4 Nd8 41.Bg7 Nf7 42.Kc3 Nd8 43.Bxh6 Ne6
44.Kd3 Ke5 45.Bg5 Nf8 46.h5  1-0

[Event "LTU-ch"]
[Site "Vilnius"]
[Date "1996.??.??"]
[Round "5"]
[White "Juodeika, Rytis"]
[Black "Kybarts, Alvydas"]
[Result "0-1"]
[WhiteElo "2200"]
[BlackElo "2100"]

1.d4 Nf6 2.c4 e6 3.Nc3 Bb4 4.Qc2 O-O 5.a3 Bxc3+ 6.Qxc3 b6 7.Bg5 c5 8.dxc5 bxc5
9.f3 d6 10.Rd1 Ne4 11.Bxd8 Nxc3 12.Rxd6 Na4 13.b3 Nd7 14.Ba5 Nab6 15.e3 Rb8
16.Bd3 Ne5 17.Ne2 Nd5 18.Be4 Nxe3 19.Bc3 Rxb3 20.Bxe5 Nxc4 21.Bg3 Nxd6 22.Bxd6 Rd8
23.Bxc5 Ba6 24.f4 f5 25.Bc2 Rb2 26.Nd4 Rc8 27.Bxa7 Rcxc2 28.Nxc2 Rb1+ 29.Kf2 Rxh1
30.Nd4 Ra1 31.Bc5 Kf7 32.Nf3 Bb7 33.Ng5+ Kg6 34.Kg3 Bd5 35.h3 h6 36.Nf3 Bxf3
37.Kxf3 Kf7 38.g4 g5 39.Bd6 Rb1 40.Bc5 Rf1+ 41.Bf2 fxg4+ 42.hxg4 gxf4 43.a4 Ra1
44.Kxf4 Rxa4+ 45.Kf3 Kg6 46.Be3 e5 47.Bc1 h5 48.gxh5+ Kxh5 49.Bb2 e4+ 50.Kf4 Kh4
51.Bc3 Kh3 52.Bf6 Kg2 53.Ke3 Kg3 54.Bb2 Kg4 55.Bg7 Kf5 56.Bh8 Ra3+ 57.Ke2 Kf4
58.Bg7 Ra2+ 59.Ke1 Kf3  0-1

[Event "LTU-ch"]
[Site "Vilnius"]
[Date "1996.??.??"]
[Round "7"]
[White "Linauskas, Dainius"]
[Black "Kaunas, Kestutis"]
[Result "1-0"]
[WhiteElo "2310"]
[BlackElo "2415"]

1.d4 Nf6 2.c4 e6 3.Nc3 Bb4 4.Qc2 O-O 5.a3 Bxc3+ 6.Qxc3 Ne4 7.Qc2 f5 8.e3 b6
9.Ne2 d6 10.f3 Nf6 11.Bd2 c5 12.O-O-O Nc6 13.Bc3 Qe7 14.Nf4 e5 15.dxe5 Nxe5
16.Be2 a6 17.Rhe1 Rb8 18.Bd3 b5 19.cxb5 axb5 20.Bxf5 b4 21.Bxc8 Rfxc8 22.Bxe5 dxe5
23.Qc4+ Kh8 24.Nd5 Nxd5 25.Rxd5 bxa3 26.bxa3 e4 27.Qxe4 Qf6 28.Qe5 Qg6 29.Red1 h6
30.g4 Qb1+ 31.Kd2 Qa2+ 32.Ke1 Re8 33.Qf4 Rb2 34.Rd8 Qe6 35.h4 c4 36.R1d6 Qe7
37.Rxe8+ Qxe8 38.Qd4 Qb5 39.Rd8+ Kh7 40.Qe4+  1-0

[Event "LTU-ch"]
[Site "Vilnius"]
[Date "1996.??.??"]
[Round "8"]
[White "Juodeika, Rytis"]
[Black "Lasinskas, Povilas"]
[Result "1/2-1/2"]
[WhiteElo "2200"]
[BlackElo "2150"]

1.d4 Nf6 2.c4 e6 3.Nc3 Bb4 4.Qc2 O-O 5.a3 Bxc3+ 6.Qxc3 b6 7.Bg5 Bb7 8.f3 d5
9.e3 Nbd7 10.cxd5 exd5 11.Bd3 h6 12.Bh4 Re8 13.Ne2 Qe7 14.Bf2 c5 15.O-O Rac8
16.Qd2 g6 17.Nc3 Qf8 18.Rad1 Nb8 19.Bb5 Re6 20.Qd3 a6 21.Ba4 b5 22.Bc2 c4
23.Qd2 Qe8 24.b4 cxb3 25.Bxb3 Qe7 26.Nb1 Rec6 27.e4 dxe4 28.Qxh6 Rc4 29.Bxc4 bxc4
30.Qe3 Qd7 31.fxe4 Bxe4 32.Bh4 Qg4 33.Qg3 Qxg3 34.Bxg3 Nd5 35.Rfe1 f5 36.Rc1 Nd7
37.Nc3 Nxc3 38.Rxc3 Nb6 39.Rec1 Bd3 40.Kf2 Rf8 41.Bd6 Rf6 42.Be5 Re6 43.Rxd3 cxd3
44.Ke3 Nd7 45.Kxd3 Nxe5+ 46.dxe5 Rxe5 47.Rc6 Ra5 48.Rxg6+ Kf7 49.Rc6 Rxa3+
50.Kd4 Ra2 51.Ke5 Rxg2  1/2-1/2

[Event "LTU-ch"]
[Site "Vilnius"]
[Date "1996.??.??"]
[Round "8"]
[White "Sakalauskas, Vaidas"]
[Black "Skrebnevskis, Romanas"]
[Result "1-0"]
[WhiteElo "2320"]
[BlackElo "2215"]

1.d4 Nf6 2.c4 e6 3.Nc3 Bb4 4.Qc2 O-O 5.a3 Bxc3+ 6.Qxc3 b6 7.Bg5 Bb7 8.e3 h6
9.Bh4 c5 10.dxc5 bxc5 11.f3 Nc6 12.Bd3 Qa5 13.Qxa5 Nxa5 14.b4 Nc6 15.b5 Ne5
16.Be2 a6 17.Bg3 d6 18.Bxe5 dxe5 19.Nh3 axb5 20.cxb5 Ra5 21.Kf2 Rfa8 22.Rhc1 Rxa3
23.Rxa3 Rxa3 24.Rxc5 Nd5 25.e4 Rc3 26.Rxc3 Nxc3 27.Bc4 Kf8 28.Ke3 Ke7 29.Kd3 Na4
30.Bb3 Nc5+ 31.Kc4 Kd6 32.Bc2 g6 33.Nf2 f5 34.Kb4 Nd7 35.Nd1 Nf6 36.Ne3 fxe4
37.Nc4+ Kc7 38.fxe4 Nxe4 39.b6+ Kc8 40.Bxe4  1-0

[Event "JUG-ch (Women) 1"]
[Site "Vrnjacka Banja"]
[Date "1996.??.??"]
[Round "?"]
[White "Prudnikova, Svetlana"]
[Black "Voiska, Margarita"]
[Result "0-1"]
[WhiteElo "2385"]
[BlackElo "2340"]

1.d4 Nf6 2.c4 e6 3.Nc3 Bb4 4.Qc2 O-O 5.a3 Bxc3+ 6.Qxc3 b6 7.Bg5 Ba6 8.e3 d6
9.Bd3 Nbd7 10.Ne2 c5 11.O-O Rc8 12.b3 h6 13.Bh4 d5 14.Rac1 cxd4 15.exd4 dxc4
16.bxc4 Bxc4 17.Bxc4 b5 18.Qb3 bxc4 19.Rxc4 Rxc4 20.Qxc4 Qa5 21.Qd3 Rc8 22.f3 Nd5
23.Rc1 Rxc1+ 24.Nxc1 N7b6 25.Bg3 Nc8 26.h3 Nce7 27.Ne2 Nf5 28.Bf2 Nd6 29.Qb3 Qb5
30.Qxb5 Nxb5 31.a4 Nbc3 32.Nxc3 Nxc3 33.d5 exd5 34.Bxa7 Nxa4 35.Bd4 f6 36.Kf2 Kf7
37.g4 Ke6 38.f4 Kd6 39.g5 Nc5 40.gxh6 gxh6 41.f5 Ne4+ 42.Kf3 h5 43.Ke3 Ke7
44.Kf4 Kf7 45.Ba7 Ke8 46.Bd4 Kd7 47.Kf3 Kd6 48.Kf4 Kc6 49.Ke3 Kb5 50.Kd3 Nd6
51.Bxf6 Nxf5 52.Bb2 Kc5 53.Ba3+ Kc6 54.Bb4 Kd7 55.Ba5 Ke6 56.Bc7 Nh4 57.Ke3 Ng6
58.Kd4 Nh4 59.Ke3 Nf5+ 60.Kd3 Kf6 61.Bd8+ Kg6 62.Ba5 Kg5 63.Bd8+ Kf4 64.Bf6 Kg3
65.h4 Kg4 66.Bd8 Nxh4 67.Kd4 Nf3+ 68.Kxd5 Ng5 69.Bc7 h4 70.Bb8 h3 71.Kd4 Kf3
72.Kd3 Ne4  0-1

[Event "Wattens op"]
[Site "Wattens"]
[Date "1996.??.??"]
[Round "3"]
[White "Haidacher, Karl"]
[Black "Farago, Ivan"]
[Result "0-1"]
[WhiteElo "1960"]
[BlackElo "2515"]

1.d4 Nf6 2.c4 e6 3.Nc3 Bb4 4.Qc2 O-O 5.Bg5 h6 6.Bh4 c5 7.e3 cxd4 8.exd4 b6
9.Nf3 Bb7 10.Be2 d6 11.O-O Nbd7 12.Rac1 Rc8 13.Qa4 Bxc3 14.Rxc3 Qc7 15.Nd2 Bc6
16.Qc2 Qb7 17.f3 b5 18.Rb3 Qa8 19.Qd3 a6 20.Rc3 bxc4 21.Nxc4 Nd5 22.Rcc1 Nf4
23.Qd2 Nxe2+ 24.Qxe2 Bb5 25.b3 d5 26.a4 Bxc4 27.bxc4 dxc4 28.Rxc4 Nb6 29.Rxc8 Rxc8
30.a5 Nc4 31.Be1 Qd5 32.Qe4 Qxe4 33.fxe4 Nd6 34.e5 Nb5 35.Bf2 Rc4 36.Rd1 Ra4
37.h3 Nc3 38.Rd3 Ra1+ 39.Kh2 Nd5 40.g4 Rxa5 41.Rb3 g5 42.h4 Ra2 43.Kg3 gxh4+
44.Kf3 h3 45.Rb1 Ra3+  0-1

[Event "Witley"]
[Site "Witley"]
[Date "1996.??.??"]
[Round "3"]
[White "Quinn, Mark"]
[Black "Polak, Tomas"]
[Result "1/2-1/2"]
[WhiteElo "2350"]
[BlackElo "2445"]

1.d4 Nf6 2.c4 e6 3.Nc3 Bb4 4.Qc2 O-O 5.a3 Bxc3+ 6.Qxc3 b6 7.Bg5 Bb7 8.Nf3 d6
9.Nd2 Nbd7 10.f3 h6 11.Bh4 c5 12.e4 Re8 13.Bd3 Nf8 14.dxc5 bxc5 15.Bxf6 Qxf6
16.Qxf6 gxf6 17.b4 Nd7 18.Kf2 Kf8 19.Rhe1 Ke7 20.Nb3 a6 21.Na5 Ra7 22.f4 Rg8
23.Re3 Rg4 24.g3 Ba8 25.Rb1 Rg8 26.Bc2 Rc8 27.g4 Rg8 28.Bd1 cxb4 29.axb4 Rc7
30.Be2 Rb8 31.Bd3 Rg8 32.Be2 Rb8 33.Bd3  1/2-1/2

[Event "Oberliga Wuert9697"]
[Site "Wuerttemberg"]
[Date "1996.??.??"]
[Round "?"]
[White "Lorscheid, Gerhard"]
[Black "Bauer, Peter"]
[Result "0-1"]
[WhiteElo "2315"]
[BlackElo "2255"]

1.d4 Nf6 2.c4 e6 3.Nc3 Bb4 4.Qc2 O-O 5.a3 Bxc3+ 6.Qxc3 b6 7.Bg5 Bb7 8.e3 d6
9.f3 Nbd7 10.Bd3 Qe8 11.Ne2 e5 12.e4 Kh8 13.O-O Ng8 14.Bc2 f6 15.Be3 Ne7
16.f4 Qg6 17.d5 Qg4 18.Ng3 a5 19.b4 axb4 20.axb4 Rxa1 21.Qxa1 Ra8 22.Qb2 exf4
23.Rxf4 Qg5 24.Rf3 Qh4 25.Bd4 Ne5 26.Bxe5 fxe5 27.c5 Ng6 28.Rf7 Qg5 29.Nf1 Nf4
30.Bd1 Kg8 31.Rxc7 Nh3+ 32.Kh1 Rf8 33.Qe2 Nf2+ 34.Kg1 Nh3+ 35.Kh1 Rf2  0-1

[Event "Yerevan ol (Men)"]
[Site "Yerevan"]
[Date "1996.??.??"]
[Round "2"]
[White "Alzate, Dario"]
[Black "Rodriguez, Amador"]
[Result "0-1"]
[WhiteElo "2370"]
[BlackElo "2510"]

1.d4 Nf6 2.c4 e6 3.Nc3 Bb4 4.Qc2 O-O 5.a3 Bxc3+ 6.Qxc3 Ne4 7.Qc2 f5 8.g3 b6
9.Bg2 Bb7 10.Nf3 Nf6 11.O-O Be4 12.Qc3 d6 13.Bh3 Qe8 14.Ng5 Bb7 15.Qe3 Ne4
16.Bg2 Qg6 17.Nxe4 Bxe4 18.Bxe4 fxe4 19.Qg5 Qxg5 20.Bxg5 Nc6 21.Be3 a5 22.Rac1 a4
23.Rfd1 Na5 24.Rc3 Rac8 25.Bf4 h6 26.h4 Kf7 27.g4 Ke7 28.Bg3 Kd7 29.Rdc1 Nb3
30.Rd1 Na5 31.Rdc1 c6 32.f3 exf3 33.Rxf3 Rxf3 34.exf3 c5 35.d5 e5 36.Be1 Nb3
37.Rc3 Rf8 38.Bg3 Nd4 39.Kg2 Rb8 40.h5 b5 41.cxb5 Rxb5 42.Rc4 Rxb2+ 43.Bf2 Ne2
44.Rxa4 Nf4+ 45.Kg3 Nxd5 46.Ra7+ Nc7 47.Ra4 Ne6 48.Ra7+ Kc6 49.a4 Nc7 50.Be1 Kb6  0-1

[Event "Yerevan ol (Men)"]
[Site "Yerevan"]
[Date "1996.??.??"]
[Round "5"]
[White "Jelen, Igor"]
[Black "Dizdarevic, Emir"]
[Result "0-1"]
[WhiteElo "2415"]
[BlackElo "2505"]

1.d4 Nf6 2.c4 e6 3.Nc3 Bb4 4.Qc2 O-O 5.a3 Bxc3+ 6.Qxc3 d6 7.g3 e5 8.dxe5 dxe5
9.Bg2 Re8 10.Be3 Ng4 11.Bc1 Qd4 12.Qxd4 exd4 13.Bf4 c5 14.Nf3 Nc6 15.Bd6 Bf5
16.h3 Nge5 17.Nxe5 Nxe5 18.Bxe5 Rxe5 19.Kd2 Rb8 20.a4 a5 21.Rhe1 g5 22.Rh1 Re6
23.b3 Rb6 24.Ra3 Kg7 25.h4 h6 26.Bd5 Re8 27.hxg5 hxg5 28.Rh5 Kg6 29.Rh1 Bg4
30.Re1 Kg7 31.e3 Rf6 32.f4 Rh6 33.Raa1 dxe3+ 34.Kc3 gxf4 35.gxf4 Rh3 36.Rg1 e2+
37.Kd2 f5 38.Rab1 Ree3 39.Bxb7 Rd3+ 40.Ke1 Rd1+ 41.Kf2 Rxb3  0-1

[Event "Yerevan ol (Men)"]
[Site "Yerevan"]
[Date "1996.??.??"]
[Round "6"]
[White "Georgiev, Kiril"]
[Black "Damaso, Rui"]
[Result "1-0"]
[WhiteElo "2620"]
[BlackElo "2420"]

1.d4 Nf6 2.c4 e6 3.Nc3 Bb4 4.Qc2 O-O 5.a3 Bxc3+ 6.Qxc3 Ne4 7.Qc2 f5 8.Nh3 Nc6
9.e3 b6 10.f3 Nf6 11.Be2 Bb7 12.b4 Ne7 13.Bb2 Ng6 14.O-O Qe7 15.Rfe1 c5 16.bxc5 bxc5
17.Rab1 Rab8 18.Bd3 Nh4 19.d5 exd5 20.Nf4 d4 21.Qf2 Ne4 22.fxe4 fxe4 23.Bf1 g5
24.Nd5 Bxd5 25.Qd2 Bf7 26.exd4 Bg6 27.Rbd1 Nf5 28.dxc5 Qxc5+ 29.Kh1 Ne3 30.Qc3 Rxb2
31.Rxd7 Rf7 32.Rxf7 Bxf7 33.Qxb2 Nxf1 34.Rxf1 Bxc4 35.Qb8+ Kg7 36.Qb7+ Kg8
37.Rc1  1-0

[Event "Yerevan ol (Women)"]
[Site "Yerevan"]
[Date "1996.??.??"]
[Round "7"]
[White "Hoang Than Trang"]
[Black "Kachiani Gersinska, Ketino"]
[Result "1-0"]
[WhiteElo "2360"]
[BlackElo "2415"]

1.d4 Nf6 2.c4 e6 3.Nc3 Bb4 4.Qc2 O-O 5.a3 Bxc3+ 6.Qxc3 b6 7.Bg5 Ba6 8.e3 d6
9.Bd3 Nbd7 10.Ne2 c5 11.O-O h6 12.Bh4 cxd4 13.exd4 Rc8 14.Qb3 e5 15.Qa4 Bb7
16.Bf5 g5 17.Bg3 Rc7 18.Rad1 Qe7 19.Nc3 a6 20.Rfe1 Re8 21.Qb3 Qf8 22.dxe5 dxe5
23.Na4 b5 24.cxb5 axb5 25.Nc3 Bc6 26.Nxb5 Rb7 27.a4 Bxb5 28.axb5 Qc5 29.h4 Rxb5
30.Qf3 Nf8 31.hxg5 hxg5 32.Bd3 Rb6 33.Qf5 N6h7 34.Rxe5 Rxe5 35.Bxe5 Re6 36.Bc3 Qc7
37.Bc2 Rh6 38.Qe5 Qxe5 39.Bxe5 Rb6 40.Rd8 f6 41.Bxh7+ Kxh7 42.Bd4 Rb4 43.Bc3  1-0

[Event "Yerevan ol (Men)"]
[Site "Yerevan"]
[Date "1996.??.??"]
[Round "8"]
[White "Elbilia, Jacques"]
[Black "Noble, Mark Frederick"]
[Result "1/2-1/2"]
[WhiteElo "2350"]
[BlackElo "2260"]

1.d4 Nf6 2.c4 e6 3.Nc3 Bb4 4.Qc2 O-O 5.Nf3 c5 6.dxc5 Na6 7.g3 Nxc5 8.Bg2 d6
9.O-O Bd7 10.a3 Bxc3 11.Qxc3 a5 12.b4 Nce4 13.Qb2 Qc7 14.Nd2 Nxd2 15.Bxd2 Qxc4
16.Bxb7 Rab8 17.Bf3 Rfc8 18.Rfc1 Qa6 19.Rxc8+ Qxc8 20.Qd4 axb4 21.Rc1 Qa6
22.Bxb4 Ne8 23.h4 Rc8 24.Rxc8 Bxc8 25.Qd2 h6 26.Be4 Bd7 27.Bd3 Qc6 28.Qc2 Kf8
29.e4 Ke7 30.e5 Qxc2 31.Bxc2 Bc6 32.f4 Kd7 33.Kf2 h5 34.Ke3 dxe5 35.fxe5 Nc7
36.Bd1 g6 37.Kf4 Nd5+ 38.Kg5 Ne3 39.Be2 Nf5 40.Be1 Nd4 41.Bd1 Nf3+ 42.Bxf3 Bxf3
43.a4 Bg4 44.a5 Kc6 45.Kf6 Bf5 46.Kxf7  1/2-1/2

[Event "Yerevan ol (Women)"]
[Site "Yerevan"]
[Date "1996.??.??"]
[Round "8"]
[White "Johansson, Victoria"]
[Black "Baginskaite, Kamile"]
[Result "0-1"]
[WhiteElo "2130"]
[BlackElo "2280"]

1.d4 Nf6 2.c4 e6 3.Nc3 Bb4 4.Qc2 O-O 5.a3 Bxc3+ 6.Qxc3 b6 7.Bg5 Ba6 8.e3 d6
9.Bd3 Nbd7 10.f3 c5 11.Nh3 Rc8 12.O-O cxd4 13.exd4 Bxc4 14.Bxc4 d5 15.Nf2 Rxc4
16.Qd3 h6 17.Bf4 Qe7 18.Ne4 Nxe4 19.fxe4 Nf6 20.e5 Ne4 21.Rf3 Qh4 22.Raf1 Rfc8
23.Bg3 Qh5 24.Be1 Qg6 25.g3 Ng5 26.Re3 Qxd3 27.Rxd3 Ne4 28.Bb4 a5 29.Be1 Rc2
30.Rdf3 Rxb2 31.Rxf7 Ng5  0-1